000 00766nam a2200253 i 4500
001 6146
003 ES-MaACL
005 20230906144817.0
007 t|
008 890818s1974 fr ||||1| fre d
020 _a2-02-002801-8
080 _a291.13
080 _a572.9
100 1 _aClastres, Pierre.
_939074
245 1 3 _aLe Grand parler
_b: mythes et chants sacres des indiens guarani /
_cPierre Clastres.
260 _aParis :
_bSeuil,
_cD.L. 1974.
300 _a140 p. ;
_c21 cm.
490 1 _aRecherches anthropologiques
650 1 4 _aGuayaquĆ­s-
_xUsos y costumbres.
_913171
650 1 4 _aSociedad primitiva.
_917177
830 0 _aRecherches anthropologiques
_9177463
852 _aES-MaACL
_jL-13267
_bR.113567
_z. - rust.
999 _c6146
_d6146